The Gospel of grace. (Record no. 14170)

000 -LEADER
fixed length control field 00544nam a2200181 a 4500
001 - CONTROL NUMBER
control field :::00011994$&:&@@
003 - CONTROL NUMBER IDENTIFIER
control field OkBaRHE
005 - DATE AND TIME OF LATEST TRANSACTION
control field 20000607103414.0
008 - FIXED-LENGTH DATA ELEMENTS--GENERAL INFORMATION
fixed length control field s1976 j 000 0 eng u
040 ## - CATALOGING SOURCE
Transcribing agency
100 1# - MAIN ENTRY--PERSONAL NAME
Personal name Jones, J. D. (John Daniel), 1865-1942.
245 14 - TITLE STATEMENT
Title The Gospel of grace.
260 ## - PUBLICATION, DISTRIBUTION, ETC. (IMPRINT)
Place of publication, distribution, etc Grand Rapids, MI., :
Name of publisher, distributor, etc Baker Book House
Date of publication, distribution, etc 1976
300 ## - PHYSICAL DESCRIPTION
Extent 283 p. ;
Dimensions 20 cm.
650 ## - SUBJECT ADDED ENTRY--TOPICAL TERM
Topical term or geographic name as entry element Sermons
942 ## - ADDED ENTRY ELEMENTS (KOHA)
Source of classification or shelving scheme
Koha item type Books
Copies
Date acquired Shelving location Not for loan Copy number Date last seen Permanent Location Price effective from Lost status Koha item type Barcode Source of classification or shelving scheme Damaged status Full call number Withdrawn status
2010-04-14General Stacks 12010-04-14RHEMA Bible Training College2010-04-14 Books11994  BX 8764 .J65